00321nam a2200133Ia 45000030006000000080041000060400015000471000044000622450028001062600018001343000006001525460012001580050017001700STCL150530s9999 xx 000 0 und d aSTCLcSTCL aShukla, M.C.; Grewal, T.S.; Gupta, S.C. aAdvanced accounts vol-2 bS.Chandc2007 a0 aEnglish20220125170544.0